| 000 | 00819nam a2200205Ia 4500 | ||
|---|---|---|---|
| 999 |
_c37939 _d37939 |
||
| 001 | 3920 | ||
| 003 | GE_BSU | ||
| 005 | 20190903152208.0 | ||
| 008 | 181216s1970||||ge |||||||||||||| ||geo|| | ||
| 040 | _cGE_BSU | ||
| 041 | _ageo | ||
| 080 | _a316 გ–92 | ||
| 100 |
_aგუგუშვილი, პაატა _93880 |
||
| 245 |
_aსოციოლოგიური ეტიუდები : _bტ. 1 : ბურჟუაზიული სოციოლოგია / _cრედ. თ. მგელაძე. |
||
| 264 |
_a თბ. : _bსაბჭ. საქართველო, _c1970. |
||
| 300 |
_a438 გვ.; _b22 სმ. |
||
| 653 | _aბურჟუაზიული სოციოლოგია | ||
| 700 |
_aმგელაძე, თ. _eრედაქტორი _93881 |
||
| 942 |
_cBK _2udc |
||